Central Library OPAC University of Rajshahi

Garden pests & diseases / (Record no. 37330)

MARC details
000 -LEADER
fixed length control field 01151nam a2200361 a 4500
001 - CONTROL NUMBER
control field 37330
003 - CONTROL NUMBER IDENTIFIER
rucl marc code BD-RjUL
005 - DATE AND TIME OF LATEST TRANSACTION
control field 20211209052611.0
008 - FIXED-LENGTH DATA ELEMENTS--GENERAL INFORMATION
fixed length control field 141130r19951992uk a 001 0 eng
020 ## - INTERNATIONAL STANDARD BOOK NUMBER
International Standard Book Number 1857329066
International Standard Book Number 9781857329063
035 ## - SYSTEM CONTROL NUMBER
System control number (BD-RjUL)37433
040 ## - CATALOGING SOURCE
Original cataloging agency DLC
Transcribing agency DLC
Modifying agency DLC
-- BD-RjUL
Language of cataloging eng
041 ## - LANGUAGE CODE
Language code of text/sound track or separate title eng
082 00 - DEWEY DECIMAL CLASSIFICATION NUMBER
Classification number 635.049
Edition number 20
Author mark and year BRG 1995
245 00 - TITLE STATEMENT
Title Garden pests & diseases /
Statement of responsibility, etc. Audrey Brooks, Andrew Halstead;
250 ## - EDITION STATEMENT
Edition statement 1st ed.
260 ## - PUBLICATION, DISTRIBUTION, ETC. (IMPRINT)
Place of publication, distribution, etc. London :
Name of publisher, distributor, etc. Mitchell Beazley,
Date of publication, distribution, etc. c1992 [reprint 1995].
300 ## - PHYSICAL DESCRIPTION
Pagination 191p. :
Illustrations col. ill. ;
Size 19 cm.
490 ## - SERIES STATEMENT
Series statement Royal Horticultural Society's encyclopedia of practical gardening.
500 ## - GENERAL NOTE
General note At head of title: Sunset.
General note Includes index.
650 #0 - SUBJECT ADDED ENTRY--TOPICAL TERM
Topical term or geographic name as entry element Garden pests.
9 (RLIN) 114424
Topical term or geographic name as entry element Plant diseases.
9 (RLIN) 114183
Topical term or geographic name as entry element Garden pests
General subdivision Control.
9 (RLIN) 114425
710 2# - ADDED ENTRY--CORPORATE NAME
Corporate name or jurisdiction name as entry element Sunset Books.
9 (RLIN) 114426
856 ## - ELECTRONIC LOCATION AND ACCESS
Materials specified Royal Horticultural Society's encyclopedia of practical gardening.
942 ## - ADDED ENTRY ELEMENTS (KOHA)
Source of classification or shelving scheme Dewey Decimal Classification
Koha item type Books
Holdings
Lost status Source of classification or shelving scheme Damaged status Not for loan Collection code Permanent Location Current Location Shelving location Date acquired Source of acquisition Total Checkouts Full call number Date last seen Copy number Koha item type
  Dewey Decimal Classification   Not For Loan Non-fiction Institute of Biological Sciences (IBSc) Library Institute of Biological Sciences (IBSc) Library   30/11/2014 Karim International   635.049 BRG 1995 30/11/2014 C-1 Books